Four modern plays / (Record no. 79699)

MARC details
000 -LEADER
campo de control de longitud fija 00970cam a2200325Ma 4500
001 - NÚMERO DE CONTROL
campo de control 95757
005 - FECHA Y HORA DE LA ÚLTIMA TRANSACCIÓN
campo de control 20230410130741.0
008 - DATOS DE LONGITUD FIJA--INFORMACIÓN GENERAL
campo de control de longitud fija 960701m19629999nyu u000 d spa d
010 ## - NÚMERO DE CONTROL DE LA BIBLIOTECA DEL CONGRESO
Número de control de LC 62021767
035 ## - NÚMERO DE CONTROL DEL SISTEMA
Número de control de sistema (OCoLC)ocm70458914
040 ## - FUENTE DE CATALOGACIÓN
Centro catalogador/agencia de origen REDDC
Centro/agencia transcriptor REDDC
035 ## - NÚMERO DE CONTROL DEL SISTEMA
Número de control de sistema (OCoLC)70458914
042 ## - CÓDIGO DE AUTENTICACIÓN
Código de autenticación premarc
050 14 - SIGNATURA TOPOGRÁFICA DE LA BIBLIOTECA DEL CONGRESO
Número de clasificación PN 6112
Número de ítem I14f 1962
082 00 - NÚMERO DE LA CLASIFICACIÓN DECIMAL DEWEY
Número de clasificación 808.82
049 ## - FONDOS LOCALES (OCLC)
Biblioteca depositaria GRAL
100 1# - ENTRADA PRINCIPAL--NOMBRE DE PERSONA
Nombre de persona Ibsen, Henrik
245 10 - MENCIÓN DEL TÍTULO
Título Four modern plays /
Mención de responsabilidad, etc. Henrik Ibsen...[et al].
250 ## - MENCION DE EDICION
Mención de edición Rev. ed.
260 ## - PUBLICACIÓN, DISTRIBUCIÓN, ETC.
Lugar de publicación, distribución, etc. New York :
Nombre del editor, distribuidor, etc. Holt, Rinehart and Winston,
Fecha de publicación, distribución, etc. 1962-
300 ## - DESCRIPCIÓN FÍSICA
Extensión 292 p.;
Dimensiones 19cm.
440 ## - MENCIÓN DE SERIE/PUNTO DE ACCESO ADICIONAL--TÍTULO
Título Rinehart Editions;
Designación de volumen o secuencia 90 / First Series
505 0# - NOTA DE CONTENIDO CON FORMATO
Nota de contenido con formato Hedda Gabler/ Henrik Ibsen-- Pygmalion / Bernard Shaw-- The Emperor Jones / Eugene O'Neill-- The cherry orchard / Anton Chekhov.
650 #0 - PUNTO DE ACCESO ADICIONAL DE MATERIA--TÉRMINO DE MATERIA
Término de materia o nombre geográfico como elemento de entrada Drama
Subdivisión general Collections.
650 #0 - PUNTO DE ACCESO ADICIONAL DE MATERIA--TÉRMINO DE MATERIA
Término de materia o nombre geográfico como elemento de entrada Drama
Subdivisión general Colección
650 #4 - PUNTO DE ACCESO ADICIONAL DE MATERIA--TÉRMINO DE MATERIA
Término de materia o nombre geográfico como elemento de entrada CFB
650 #4 - PUNTO DE ACCESO ADICIONAL DE MATERIA--TÉRMINO DE MATERIA
Término de materia o nombre geográfico como elemento de entrada Colección Font Bernard
942 ## - ELEMENTOS DE ENTRADA SECUNDARIOS (KOHA)
Fuente del sistema de clasificación o colocación Clasificación de Library of Congress
Tipo de ítem Koha
946 ## - PROCESAMIENTO DE INFORMACIÓN LOCAL (OCLC)
a lmm
Holdings
Estatus retirado Estado de pérdida Fuente del sistema de clasificación o colocación Estado de daño No para préstamo Colección Biblioteca de origen Biblioteca actual Ubicación en estantería Fecha de adquisición Serial enumeration / chronology Signatura topográfica completa Código de barras Visto por última vez Copia número Tipo de ítem Koha
    Clasificación de Library of Congress     Humanidades Biblioteca Juan Bosch Biblioteca Juan Bosch Humanidades (4to. Piso) 10/04/2023 1 PN 6112 I14f 1962 00000080163 25/10/2018 1